000 00896nam a2200241Ia 4500
003 OSt
005 20220923213326.0
006 a|||||r|||| 00| 0
007 ta
008 220922b |||||||| |||| 00| 0 hin d
024 _a160,852
037 _cTextual
040 _aARTS
_cARTS
_bhin
041 _2hin
_ahin
082 _aO152,2:g, K9
100 _aशान्ता रानी
245 0 _aहिन्दी नाटकों में हास्य तत्व
_b भारतेन्दु युग से लेकर प्रसाद युग तक 186 -194
246 _aHindī nāṭakoan mean hāsya tatva: bhāratendu yug se lekar prasād yug tak 1860-1940
260 _c1969
650 _aहिन्दी साहित्य
_9156264
942 _hO152,2:g, K9
_cTEXL
_2CC
999 _c315530
_d315530